000 00381nam a2200145Ia 4500
008 230917s9999||||xx |||||||||||||| ||und||
040 _e8527
_aMAIN
041 _aEnglish
082 _a327.11 S64C
100 _aSinger, J David, ed
245 0 _aCorrelates of war: Research origion and rationale
260 _aNew York
_bFree Press
_c1979
300 _axiv, 405 p.
942 _cBK
999 _c212550
_d212550